Policing across the world: issues for the twenty-first century (Record no. 391934)

000 -LEADER
fixed length control field 00413cam a22001457a 4500
008 - FIXED-LENGTH DATA ELEMENTS--GENERAL INFORMATION
fixed length control field 180718b1999 xxu||||| |||| 00| 0 eng d
020 ## - INTERNATIONAL STANDARD BOOK NUMBER
International Standard Book Number 1857284895
082 ## - DEWEY DECIMAL CLASSIFICATION NUMBER
Classification number N400 M449
100 ## - MAIN ENTRY--PERSONAL NAME
Personal name Mawby, R.I.
245 ## - TITLE STATEMENT
Title Policing across the world: issues for the twenty-first century
Statement of responsibility, etc. by R.I. Mawby
260 ## - PUBLICATION, DISTRIBUTION, ETC.
Place of publication, distribution, etc. London
Name of publisher, distributor, etc. UCL Press
Date of publication, distribution, etc. 1999
300 ## - PHYSICAL DESCRIPTION
Extent 244p.
650 ## - SUBJECT ADDED ENTRY--TOPICAL TERM
Topical term or geographic name entry element Police power
650 ## - SUBJECT ADDED ENTRY--TOPICAL TERM
Topical term or geographic name entry element Police administration
Holdings
Withdrawn status Lost status Damaged status Not for loan Permanent Location Current Location Date acquired Full call number Barcode Date last seen Price effective from Koha item type
        Indian Institute of Public Administration Indian Institute of Public Administration 2000-03-25 N400 M449 74983 2018-07-21 2018-07-21 Book

Powered by Koha